Guess the System of a Down song by the lyrics - Statistics

General Stats
  • This quiz has been taken 52 times
  • The average score is 20 of 35
Answer Stats
Lyrics Name % Correct
"DISORDER, DISORDER, DISORDER!!" Toxicity
82%
"Father, into Your hands I commend my spirit" Chop Suey!
77%
"My cock is much bigger than yours (My cock can walk right through the door)" Cigaro
77%
"Pepperoni and green peppers Mushrooms, olive, chives" Chic 'n' Stu
74%
"And if you go I wanna go with you" Lonely Day
74%
"Life is a waterfall We drink from the river, then we turn around and put up our walls" Aerials
72%
"Banana, banana, banana, banana, terracotta Banana terracotta, terracotta pie" Vicinity of Obscenity
72%
"I'm just sitting in my car and waiting for my girl" Hypnotize
69%
I'm sitting in my room with a ______ in my hand Just waiting for the tomb of some old, dying man Needles
69%
"I buy my crack, my smack, my bitch Right here in Hollywood" Prison Song
69%
"I went out on a date with a girl, a bit late She had so many friends (gliding through many hands)" Bounce
67%
"Hey you, see me, pictures, crazy All the world I've seen before me, passing by-y" ATWA
64%
"It's a non-stop disco, bet you it's Nabisco, betcha didn't know, oh" Violent Pornography
64%
"All you maggots smoking fags on Santa Monica Boulevard" Lost in Hollywood
62%
"Kneeling roses disappearing into Moses's dry mouth" B.Y.O.B
56%
"Beyond the Staples Center you can see America With its tired poor avenging disgrace" Deer Dance
56%
"One flag, flaggy, but one Painting the paintings of the alive" I-E-A-I-A-I-O
56%
"So, you want the world to stop? Stop in and watch your body fully drop" Psycho
56%
"Do we, do we know When we fly?" Question!
54%
"I saw her laugh
Then she said, then she said
Go away, away"
Revenga
54%
"_____ all the homes and villages _____ all the schools and hospitals" Attack
51%
"For treated indigenously, digenously" Dreaming
51%
"Why can't you see that you are my child? Why don't you know that you are my mind?" Forest
51%
"Liar!
Killer!
Demon!
Back to the River Aras"
Holy Mountains
51%
"You never think you ____, why ____, you never think you ___" Know
51%
"They were crying when their sons left, God is wearing black" Soldier Side
49%
"We're going down in a spiral to the ground No one, no one's gonna save us now" Tentative
46%
"Looking for a mother
That will get me high
Just a stupid motherfucker
If I die, I die"
Stealing Society
44%
"We will fight the heathens, we will fight the heathens" War?
44%
"Letting the reins go to the unfolding Is faith, faith, faith, faith" Science
41%
"Do you want me to try? Directing your night Want me to try? Directing your light" Highway Song
38%
"If today I die And can't deny The poison chosen For tonight" Marmalade
36%
"What is in us that turns a deaf ear To the cries of human suffering?" Sad Statue
36%
"The ships are multiplyin' day after day, sir, and they're comin' close to the shore, sir, shore, sir We need to evacuate the light post, it's all over, over" Suggestions
33%
"Gonorrhea gorgonzola!Gonorrhea gorgonzola!" This Cocaine Makes Me Feel Like I'm on This Song
33%
No matching quizzes found
Score Distribution
Percent of People with Each Score
Percentile by Number Answered
Your Score History
You have not taken this quiz